[Event "Summer Prague Open 2023 - A"]
[Site "Olympik hotel, Sokolovska 138, Praha"]
[Date "2023.08.06"]
[Round "3"]
[Board "11"]
[White "Sadeghi, Hassan Roger"]
[Black "Ahn, Hongjin"]
[Result "1/2-1/2"]
[WhiteElo "2050"]
[BlackElo "2240"]
[PlyCount "0"]
[EventDate "2023.08.04"]
[EventRounds "9"]
[EventCountry "CZE"]

1. d4 d5 2. c4 e6 3. Nc3 a6 4. e4 dxe4 5. Nxe4 Bb4+ 6. Nc3 c5 7. a3 Ba5 8. Be3 Nf6
9. Rc1 Qb6 10. b4 cxb4 11. d5 bxc3 12. Bxb6 c2+ 13. Bxa5 cxd1=Q+ 14. Rxd1 exd5 15.
cxd5 O-O 16. f3 Bf5 17. Bd3 Re8+ 18. Ne2 Bxd3 19. Rxd3 Re5 20. Kf2 Nxd5 21. Rhd1
Rxe2+ 22. Kxe2 Nf4+ 23. Kf2 Nxd3+ 24. Rxd3 Nc6 25. Bb6 Re8 26. Rd7 Re7 27. Rd5 f6
28. Bc5 Re5 29. Rxe5 Nxe5 30. Ke3 Kf7 31. Kd4 Ke6 32. Bf8 g5 33. a4 b6 34. Ba3 h5
35. Bc1 Nc6+ 36. Kc4 Na5+ 37. Kb4 Kd5 38. Be3 Nc6+ 39. Kc3 b5 40. axb5 axb5 41. Bf2
f5 42. h3 Ne5 43. Bb6 Nc6 44. Bf2 g4 45. hxg4 hxg4 46. fxg4 fxg4 47. Be3 Ke4 48.
Bg5 Nd4 49. Kb4 Ne6 50. Bh4 Nf4 51. Kxb5 Nxg2 52. Bg3 Kf3 53. Bh2 Ne3 54. Kc5 Kg2
55. Bb8 Nf5 56. Kd5 Kf3 57. Ke6 Nd4+ 58. Kf6 Ne2 59. Kg5 Nd4 60. Bh2 Ne6+ 61. Kf5
Nd4+ 62. Kg5 Nc2 63. Kf5 Ne3+ 64. Kg5 Nf1 65. Bb8 Ng3 66. Bc7 Ne4+ 67. Kf5 Nf2 68.
Bb8 Nd1 69. Kg5 g3 70. Bxg3 Kxg3  1/2-1/2

[Event "Summer Prague Open 2023 - A"]
[Site "Olympik hotel, Sokolovska 138, Praha"]
[Date "2023.08.06"]
[Round "3"]
[Board "12"]
[White "Daeschler, Florian"]
[Black "Gorkiewicz, Mateusz"]
[Result "1-0"]
[WhiteElo "2225"]
[BlackElo "2120"]
[PlyCount "0"]
[EventDate "2023.08.04"]
[EventRounds "9"]
[EventCountry "CZE"]

1. d4 Nf6 2. c4 e6 3. g3 d5 4. Bg2 Be7 5. Nf3 O-O 6. Nc3 dxc4 7. Ne5 Nc6 8. Bxc6
bxc6 9. Nxc6 Qe8 10. Nxe7+ Qxe7 11. Qa4 c5 12. dxc5 Qxc5 13. Be3 Qc7 14. O-O-O Bb7
15. f3 Nd5 16. Bd4 Rfd8 17. Rd2 Nxc3 18. Bxc3 Rxd2 19. Bxd2 Qc5 20. Qa5 Qd5 21. Qxd5
Bxd5 22. a3 f5 23. Ba5 Rb8 24. Rd1 Rb7 25. Rd4 Rb5 26. Bc3 e5 27. Rd2 a5 28. a4 Rc5
29. Bxe5 Bc6 30. Rd8+ Kf7 31. Rc8 Rxe5 32. Rxc6 Rxe2 33. Rxc4 Rxh2 34. Rc5 g6 35.
Rxa5 h5 36. b4 f4 37. gxf4 h4 38. Ra7+ Kf6 39. b5 h3 40. Kb1 Rd2 41. Rh7 Rd4 42.
Rxh3 Rxa4 43. Rh2 Rxf4 44. b6 Ke5 45. b7 Rf8 46. Rb2 Rb8 47. Kc2 Kf4 48. Rb3 g5 49.
Kd2 Kg3 50. Ke3 Kh4 51. Ke4 Kh5 52. Kd5  1-0

[Event "Summer Prague Open 2023 - A"]
[Site "Olympik hotel, Sokolovska 138, Praha"]
[Date "2023.08.06"]
[Round "3"]
[Board "13"]
[White "Hinterreiter, Markus"]
[Black "Kolodziejski, Piotr"]
[Result "1/2-1/2"]
[WhiteElo "2206"]
[BlackElo "2116"]
[PlyCount "0"]
[EventDate "2023.08.04"]
[EventRounds "9"]
[EventCountry "CZE"]

1. Nf3 d5 2. g3 Nf6 3. Bg2 c6 4. c4 dxc4 5. O-O g6 6. Na3 b5 7. Ne5 Qc7 8. d4 Bb7
9. b3 Nbd7 10. bxc4 b4 11. Nc2 Nxe5 12. Bf4 Nfd7 13. dxe5 e6 14. Nd4 a5 15. Qa4 Rc8
16. Rfd1 Nc5 17. Qc2 h6 18. a3 bxa3 19. Rxa3 a4 20. Rxa4 Nxa4 21. Qxa4 Bc5 22. Be3
Be7 23. Rb1 Kf8 24. Qa7 Ba8 25. Bxh6+ Kg8 26. Qxc7 Rxc7 27. Be3 Kh7 28. Bf3 Rd8 29.
Kg2 Bf8 30. h4 Bg7 31. Rb6 Bxe5 32. Nxc6 Bxc6 33. Bxc6 Bd4 34. Bxd4 Rxd4 35. Bb5
Rd2 36. Kf3 Rc2 37. Ke3 R2xc4 38. Bxc4 Rxc4 39. Rb7 Kg7 40. Kf3 Ra4 41. g4 Rc4 42.
Rd7 Ra4 43. e3 Rb4 44. Kg3 Rb1 45. Kg2 Rb4 46. Rd4 Rb5 47. Rd1 Ra5 48. Kg3 Rb5 49.
Rh1 Ra5 50. f4 Rb5 51. Rf1 Ra5 52. Rh1 Rb5 53. Kf3 Ra5 54. h5 gxh5 55. Rxh5 Ra1 56.
Rg5+ Kf6 57. Rg8 Rf1+ 58. Ke2 Rg1 59. Kf2 Ra1 60. Kf3 Rf1+ 61. Ke4 Ra1 62. g5+ Ke7
63. Rc8 Ra4+ 64. Ke5 Ra5+ 65. Kd4 Rd5+ 66. Ke4 Ra5 67. Rc3 Kf8 68. Kf3 Kg7 69. Kg4
Ra1 70. Kg3 Re1 71. Kf2 Ra1 72. Rc7 Ra3 73. Kf3 Ra4 74. Rd7 Rb4 75. Rd4 Rb5 76. Ke4
Ra5 77. Rd3 Kf8 78. Kd4 Ke7 79. Rb3 Ra4+ 80. Kd3 Kf8 81. Rc3 Kg7 82. Rc4 Ra5 83.
e4 Kg6 84. Rc6 Ra3+ 85. Kd4 Ra4+ 86. Rc4 e5+ 87. fxe5 Rxc4+ 88. Kxc4 Kxg5 89. Kd5
Kf4 90. e6 fxe6+ 91. Kd4 Kf3 92. Ke5 Ke3 93. Kxe6 Kxe4  1/2-1/2

[Event "Summer Prague Open 2023 - A"]
[Site "Olympik hotel, Sokolovska 138, Praha"]
[Date "2023.08.06"]
[Round "3"]
[Board "14"]
[White "Savidge, Daniel"]
[Black "Kulhanek, Tomas"]
[Result "1/2-1/2"]
[WhiteElo "1991"]
[BlackElo "2328"]
[PlyCount "0"]
[EventDate "2023.08.04"]
[EventRounds "9"]
[EventCountry "CZE"]

1. e4 c5 2. a3 g6 3. h4 h5 4. Bc4 Bg7 5. Nc3 Nc6 6. d3 d6 7. Bg5 Nf6 8. Qd2 O-O 9.
Nge2 Ne5 10. Ba2 Kh7 11. O-O Be6 12. f4 Neg4 13. Bxe6 fxe6 14. e5 dxe5 15. fxe5 Nxe5
16. Nf4 Qd6 17. Rae1 Rae8 18. Nb5 Qb6 19. Rxe5 Ng4 20. Rxe6 Qxb5 21. c3 Be5 22. Re1
c4 23. d4 Bxf4 24. Rxe7+ Rxe7 25. Rxe7+ Kg8 26. Bxf4 Re8 27. Rxe8+ Qxe8 28. d5 Qe4
29. g3 Qb1+ 30. Kg2 Qe4+ 31. Kg1 Qb1+ 32. Kg2 Qe4+ 33. Kg1  1/2-1/2

[Event "Summer Prague Open 2023 - A"]
[Site "Olympik hotel, Sokolovska 138, Praha"]
[Date "2023.08.06"]
[Round "3"]
[Board "15"]
[White "Berin, Artem"]
[Black "Filindash, Nikita"]
[Result "1-0"]
[WhiteElo "2337"]
[BlackElo "2070"]
[PlyCount "0"]
[EventDate "2023.08.04"]
[EventRounds "9"]
[EventCountry "CZE"]

1. d4 d5 2. c4 e6 3. Nf3 Be7 4. e3 Nf6 5. Nbd2 O-O 6. Bd3 b6 7. O-O dxc4 8. Nxc4
c5 9. dxc5 Bxc5 10. a3 a5 11. Qe2 Ne8 12. Rd1 Nd6 13. Nxd6 Bxd6 14. Bxh7+ Kxh7 15.
Qd3+ Kg8 16. Qxd6 Qxd6 17. Rxd6 b5 18. Bd2 Ra7 19. Rb6  1-0

[Event "Summer Prague Open 2023 - A"]
[Site "Olympik hotel, Sokolovska 138, Praha"]
[Date "2023.08.06"]
[Round "3"]
[Board "16"]
[White "Vedder, Henk"]
[Black "Matthaei, Jakob"]
[Result "1-0"]
[WhiteElo "2326"]
[BlackElo "2051"]
[PlyCount "0"]
[EventDate "2023.08.04"]
[EventRounds "9"]
[EventCountry "CZE"]

1. d4 Nf6 2. Nc3 d5 3. Bg5 Nbd7 4. f3 h6 5. Bh4 c5 6. dxc5 Qa5 7. Qd2 e5 8. e4 dxe4
9. Bb5 Bxc5 10. Bxf6 gxf6 11. O-O-O Qd8 12. Nxe4 Be7 13. Ne2 a6 14. Ba4 b5 15. Bb3
Bb7 16. Bxf7+ Kxf7 17. Qxd7 Qxd7 18. Rxd7 Bc6 19. Rc7 Bxe4 20. fxe4 Rhc8 21. Rd7
Rd8 22. Rhd1 Rxd7 23. Rxd7 Ke6 24. Rc7 Rd8 25. Ng3 f5 26. exf5+ Kd6 27. Rc3 Bg5+
28. Kd1 Ke7+ 29. Rd3 Rxd3+ 30. cxd3 Bf4 31. Ke2 Kf6 32. Kf3 Bxg3 33. Kxg3 Kxf5 34.
Kf3 h5 35. g3  1-0

[Event "Summer Prague Open 2023 - A"]
[Site "Olympik hotel, Sokolovska 138, Praha"]
[Date "2023.08.06"]
[Round "3"]
[Board "17"]
[White "Kovalskyi, Roman"]
[Black "Levitan, Tal"]
[Result "1-0"]
[WhiteElo "2064"]
[BlackElo "2321"]
[PlyCount "0"]
[EventDate "2023.08.04"]
[EventRounds "9"]
[EventCountry "CZE"]

1. e4 e5 2. Nf3 Nc6 3. Bc4 Bc5 4. c3 Nf6 5. d3 d6 6. O-O h6 7. Re1 O-O 8. Nbd2 a5
9. a4 Be6 10. Bxe6 fxe6 11. Qb3 Qd7 12. Nf1 Rf7 13. Be3 Bxe3 14. Rxe3 Raf8 15. d4
Ng4 16. Rd3 Kh7 17. Re1 exd4 18. cxd4 Nb4 19. Rd2 Qe8 20. Ne3 Nf6 21. Nc2 Nh5 22.
Re3 e5 23. Nxb4 axb4 24. dxe5 dxe5 25. Rd5 Nf4 26. Rxe5 Qc6 27. g3 Qc1+ 28. Re1 Ne2+
29. Kg2 Nd4 30. Qxf7 Rxf7 31. Rxc1 Nxf3 32. Rf5  1-0

[Event "Summer Prague Open 2023 - A"]
[Site "Olympik hotel, Sokolovska 138, Praha"]
[Date "2023.08.06"]
[Round "3"]
[Board "18"]
[White "Serrano Salvador, Eduardo"]
[Black "Wilks, Simon"]
[Result "1-0"]
[WhiteElo "2260"]
[BlackElo "2062"]
[PlyCount "0"]
[EventDate "2023.08.04"]
[EventRounds "9"]
[EventCountry "CZE"]

1. d4 Nf6 2. Nf3 d5 3. c4 e6 4. Nc3 dxc4 5. Qa4+ c6 6. Qxc4 b5 7. Qd3 a6 8. e4 c5
9. dxc5 Qxd3 10. Bxd3 Bxc5 11. e5 Nfd7 12. Ne4 Bb7 13. Nxc5 Nxc5 14. Be2 Nbd7 15.
Be3 O-O 16. O-O Rac8 17. Rac1 Na4 18. Bd4 Nab6 19. Nd2 Rfd8 20. Nb3 Bd5 21. Na5 Nc4
22. Nxc4 bxc4 23. Rfd1 h6 24. f4 Rc6 25. Rd2 Rdc8 26. Rdc2 Nf8 27. Rc3 Ng6 28. g3
Ne7 29. Bd1 Nf5 30. Bf2 Ne7 31. Be2 Rb8 32. R1c2 Rbc8 33. Ra3 Be4 34. Rd2 Nd5 35.
Rd4 c3 36. bxc3 Rxc3 37. Rxc3 Nxc3 38. Bxa6 Ra8 39. Bc4 Bb1 40. Be1 Nxa2 41. Rd1
Rc8 42. Bxe6 fxe6 43. Rxb1 Nc1 44. Rb6 Nd3 45. Ba5 Kf7 46. Rd6 Rc1+ 47. Kg2 Rc2+
48. Kf3 Nc1 49. Rd7+ Kf8 50. Bb4+ Kg8 51. f5 exf5 52. e6 Ne2 53. Rd8+ Kh7 54. e7
Ng1+ 55. Ke3  1-0

[Event "Summer Prague Open 2023 - A"]
[Site "Olympik hotel, Sokolovska 138, Praha"]
[Date "2023.08.06"]
[Round "3"]
[Board "19"]
[White "Degenhard, Simon"]
[Black "Vanduyfhuys, Igor"]
[Result "1/2-1/2"]
[WhiteElo "2242"]
[BlackElo "2022"]
[PlyCount "0"]
[EventDate "2023.08.04"]
[EventRounds "9"]
[EventCountry "CZE"]

1. e4 c5 2. Nf3 g6 3. d4 cxd4 4. Nxd4 Nc6 5. c4 Nf6 6. Nc3 d6 7. Be2 Nxd4 8. Qxd4
Bg7 9. Be3 O-O 10. Qd2 a5 11. f3 a4 12. Kf2 Qa5 13. Rab1 Be6 14. Rhc1 Rfc8 15. Nd5
Qxd2 16. Bxd2 Bxd5 17. cxd5 Nd7 18. Rxc8+ Rxc8 19. Rc1 Bd4+ 20. Ke1 Nc5 21. Bc3 Be3
22. Bd2  1/2-1/2

[Event "Summer Prague Open 2023 - A"]
[Site "Olympik hotel, Sokolovska 138, Praha"]
[Date "2023.08.06"]
[Round "3"]
[Board "20"]
[White "Valkova, Angelika"]
[Black "Schirm, Friedmar"]
[Result "0-1"]
[WhiteElo "2057"]
[BlackElo "2235"]
[PlyCount "0"]
[EventDate "2023.08.04"]
[EventRounds "9"]
[EventCountry "CZE"]

1. d4 d5 2. c4 c6 3. cxd5 cxd5 4. Nc3 Nf6 5. Bf4 e6 6. e3 Bd6 7. Bxd6 Qxd6 8. Bd3
O-O 9. f4 b6 10. Nf3 Ba6 11. O-O Rc8 12. Ne5 Bxd3 13. Qxd3 Nc6 14. a3 Ne7 15. g4
a6 16. Rf3 Nd7 17. Rh3 Nf8 18. Rf1 f6 19. Nf3 b5 20. g5 b4 21. gxf6 gxf6 22. Na4
bxa3 23. bxa3 Qc6 24. Nc5 Qb5 25. Qd2 Rab8 26. Qg2+ Kh8 27. Qg4 Qe2 28. Re1 Qc2 29.
Nxe6 Nf5 30. Qh5 Rb2 31. Qg4 Nxe6 32. Kh1 Rg8 33. Ng5 fxg5 34. Rg1 Qe4+ 35. Rf3 Nexd4
36. exd4 Nxd4  0-1

[Event "Summer Prague Open 2023 - A"]
[Site "Olympik hotel, Sokolovska 138, Praha"]
[Date "2023.08.06"]
[Round "4"]
[Board "1"]
[White "Peil, Christoph"]
[Black "Pap, Gyula"]
[Result "1/2-1/2"]
[WhiteElo "2293"]
[BlackElo "2429"]
[PlyCount "0"]
[EventDate "2023.08.04"]
[EventRounds "9"]
[EventCountry "CZE"]

1. c4 e6 2. Nf3 d5 3. d4 Nf6 4. g3 Be7 5. Bg2 O-O 6. O-O Nbd7 7. Qc2 a5 8. Nbd2 c5
9. cxd5 exd5 10. b3 b6 11. Bb2 Ba6 12. Rfe1 Rc8 13. dxc5 Nxc5  1/2-1/2

[Event "Summer Prague Open 2023 - A"]
[Site "Olympik hotel, Sokolovska 138, Praha"]
[Date "2023.08.06"]
[Round "4"]
[Board "2"]
[White "Priehoda, Vitezslav"]
[Black "Itgelt, Khuyagtsogt"]
[Result "1/2-1/2"]
[WhiteElo "2254"]
[BlackElo "2397"]
[PlyCount "0"]
[EventDate "2023.08.04"]
[EventRounds "9"]
[EventCountry "CZE"]

1. Nf3 Nf6 2. b3 d5 3. Bb2 g6 4. c4 Bg7 5. g3 c6 6. Bg2 O-O 7. O-O Bg4 8. d3 Bxf3
9. Bxf3 e6 10. Nd2 a5 11. a3 Na6 12. Qc2 Re8 13. d4 Rc8 14. Rad1 Rc7 15. Bg2 Qe7
16. c5 Nd7 17. e4 e5 18. exd5 cxd5 19. Rfe1 e4 20. Nf1 Ndb8 21. Qd2 Nc6 22. f3 f5
23. Ne3 Rd7 24. Bf1 Nc7 25. f4 Ne6 26. Nc2 Nxc5 27. a4 Ne6 28. Bb5 g5 29. Qf2 gxf4
30. gxf4 Bh6 31. Bc1 Qd6 32. Rf1 Rg7+ 33. Kh1 Rg6 34. Be2 Rc8 35. Bh5 Rg7 36. Qh4
Qe7 37. Qh3 Qf6 38. Ne3 Ne7 39. Ba3 Rc3 40. Bxe7 Qxe7 41. Rc1 Rxb3 42. Rc8+ Nf8 43.
Re1 Qb4 44. Qh4 Bxf4 45. Nxd5 Bg3 46. Qxg3 Rgxg3 47. Nxb4 Rg5 48. Nd5 Kg7 49. Nf4
Rb6 50. Rec1 Ne6 51. Nxe6+ Rxe6 52. R8c7+ Kh6 53. Bf7 Rd6 54. d5 e3 55. R7c4 Kg7
56. Be6 Kf6 57. Re1 Rb6 58. Rf4 Ke5 59. Rh4 f4 60. Rxh7 Kd4 61. Rh4 Ke5 62. Bg4 Rb2
63. Be2 Rf5 64. Bg4 Rf6 65. Bf3 Rf2 66. Rh3 b6 67. Re2 Rf1+ 68. Kg2 Ra1 69. Rh5+
Kd4 70. Rg5 Rxa4 71. h4 Rc4 72. h5 Rc7 73. Kh3 a4 74. Kg4 a3 75. Rg6 Rxg6+ 76. hxg6
b5 77. Kxf4 b4 78. Ra2 Ra7 79. Bd1 e2 80. Rxe2 a2 81. Rxa2 Rxa2 82. g7 Ra8 83. Kf5
Rg8 84. Kf6 Rxg7 85. Kxg7 Kxd5 86. Bb3+  1/2-1/2

[Event "Summer Prague Open 2023 - A"]
[Site "Olympik hotel, Sokolovska 138, Praha"]
[Date "2023.08.06"]
[Round "4"]
[Board "3"]
[White "Daeschler, Florian"]
[Black "von Mettenheim, Johannes"]
[Result "1/2-1/2"]
[WhiteElo "2225"]
[BlackElo "2316"]
[PlyCount "0"]
[EventDate "2023.08.04"]
[EventRounds "9"]
[EventCountry "CZE"]

1. d4 d5 2. c4 c6 3. Nf3 Nf6 4. e3 Bf5 5. Nc3 e6 6. Be2 h6 7. Bd3 Bxd3 8. Qxd3 Bb4
9. O-O Nbd7 10. Bd2 a5 11. a3 Be7 12. e4 Nc5 13. dxc5 dxe4 14. Qxd8+ Rxd8 15. Nxe4
Nxe4 16. Bxa5 Ra8 17. Bb6 Bxc5 18. Bxc5 Nxc5 19. b4 Nd7 20. c5 Ke7 21. Nd2 Ne5 22.
f4 Rhd8 23. Rad1 Nd3 24. Nc4 Rd4 25. Na5 Nxf4 26. Nxb7 Ne2+ 27. Kf2 Rxd1 28. Rxd1
Nc3 29. Ra1 Nb5 30. Na5 Nd4 31. a4 Ra6 32. Ra2 e5 33. Nc4 Ke6 34. Ke3 h5 35. Kd3
g5 36. Nb6 f6 37. Kc4 Ra7 38. Rb2 h4 39. b5 g4 40. Kb4 f5 41. Nc4 cxb5 42. axb5 f4
43. c6 Kd5 44. Nb6+ Ke4 45. Kc5 f3 46. gxf3+ gxf3 47. Nc4 Rc7 48. Kd6 Rg7 49. c7
Rg6+ 50. Kd7 Rg7+ 51. Kc8 Rg2 52. Kb7 Rxb2 53. c8=Q Rxb5+ 54. Ka6 Kd3 55. Nd6 Rb4
56. Ka5 Rb3 57. Qc4+ Ke3 58. Qc1+ Ke2 59. Ne4 f2 60. Qd2+ Kf3 61. Nxf2 Re3 62. Kb4
Re2 63. Qg5 Rxf2 64. Qxh4 Nf5 65. Qh5+ Kf4 66. h4 Rg2 67. Qf7 e4 68. h5 Rg7 69. Qf6
Rh7 70. Qg6 Rh6 71. Qe8 e3 72. Kc3 Kg5 73. Kd3 Rxh5 74. Qe5 Rh4 75. Ke2 Rf4 76. Kd3
Rd4+ 77. Qxd4 Nxd4 78. Kxe3  1/2-1/2

[Event "Summer Prague Open 2023 - A"]
[Site "Olympik hotel, Sokolovska 138, Praha"]
[Date "2023.08.06"]
[Round "4"]
[Board "4"]
[White "Pulpan, Jakub"]
[Black "Houska, Jiri"]
[Result "1-0"]
[WhiteElo "2417"]
[BlackElo "2174"]
[PlyCount "0"]
[EventDate "2023.08.04"]
[EventRounds "9"]
[EventCountry "CZE"]

1. Nf3 Nf6 2. b3 g6 3. Bb2 Bg7 4. g3 c5 5. c4 Nc6 6. Bg2 O-O 7. O-O d6 8. d4 cxd4
9. Nxd4 Bd7 10. Nc3 Nxd4 11. Qxd4 Bc6 12. Nd5 Ne8 13. Qd2 Bxb2 14. Qxb2 Qd7 15. Rad1
Nc7 16. Bh3 Qd8 17. Ne3 Qb8 18. b4 b5 19. Rc1 Ne6 20. Ng4 h5 21. Nh6+ Kh7 22. Nxf7
Rxf7 23. Bxe6 Rf6 24. Bd5 Qb7 25. Qd4 bxc4 26. Bxc6 Qxc6 27. Rxc4 Qb5 28. Qe4 Rf7
29. Rc7 Qe8 30. Rfc1 a5 31. b5 Rb8 32. a4 e5 33. Qd5  1-0

[Event "Summer Prague Open 2023 - A"]
[Site "Olympik hotel, Sokolovska 138, Praha"]
[Date "2023.08.06"]
[Round "4"]
[Board "5"]
[White "Yamada, Kohei"]
[Black "Jurcik, Marian"]
[Result "1/2-1/2"]
[WhiteElo "2171"]
[BlackElo "2411"]
[PlyCount "0"]
[EventDate "2023.08.04"]
[EventRounds "9"]
[EventCountry "CZE"]

1. e4 c5 2. Nf3 e6 3. d4 cxd4 4. Nxd4 a6 5. Bd3 Nf6 6. O-O Qc7 7. Qe2 d6 8. c4 g6
9. Nc3 Bg7 10. Be3 O-O 11. Rac1 Nbd7 12. Rfd1 b6 13. f3 Bb7 14. Qf2 Rac8 15. Bf1
Qb8 16. b4 Nh5 17. Nb3 Be5 18. g4 Nf4 19. Ne2 d5 20. exd5 exd5 21. c5 bxc5 22. bxc5
Rfe8 23. Ned4 Nf8 24. c6 Ba8 25. Rc2 N8e6 26. Rdc1 Qd6 27. Kh1 Nxd4 28. Bxd4 Rxc6
29. Rxc6 Bxc6 30. Bxa6 Ba4 31. Bf1 Bxb3 32. axb3 Bxd4 33. Qxd4 Ne6 34. Qf6 Qa3 35.
Qc3 Rd8 36. Re1 Qa2 37. Re2 Qa8 38. Qf6 Qc8 39. f4 d4 40. f5 Nf4 41. Re7 Rf8 42.
Qxd4 Qc1 43. Qc4 Qd2 44. f6 h6 45. Qe4 Qd6 46. Re8 Qxf6 47. Rxf8+ Kxf8 48. b4 Nd5
49. Kg2 Qb2+ 50. Kg3 Qc3+ 51. Kf2 Nxb4 52. Bc4 Qf6+ 53. Kg3 Nc6 54. Qf4 Kg7 55. Qxf6+
Kxf6 56. Kf4 Ne5 57. Be2 g5+ 58. Ke4 Ng6 59. Bd1 Ne7 60. Ba4 Nc8 61. Bb3 Nd6+ 62.
Kd5 Nb5 63. Bc4 Nc3+ 64. Kd4 Nd1 65. Ke4 Nf2+ 66. Kf3 Nh3 67. Ke4 Kg6 68. Bb5 Nf2+
69. Kf3 Nd1 70. Bc4 f6 71. Bd3+ Kf7 72. Bc4+ Ke7 73. Ke4 Kf8 74. Bb3 Nf2+ 75. Kf3
Nd3 76. Be6 Ke7 77. Bf5 Nc5 78. Ke3 Nb7 79. Kd4 Nd6 80. Bc2 Kf7 81. Bb3+ Kg7 82.
Bc2 Nf7 83. Ke3 Ne5 84. Bf5 h5 85. h3 h4 86. Be6 Ng6 87. Bc4 Nf4 88. Bf1 f5 89. gxf5
Kf6 90. Kf2 Ke5 91. Ke3 Kxf5 92. Kf3 Nh5 93. Bd3+ Kf6 94. Kg4 Nf4 95. Bc4 Ng6 96.
Be2 Ne5+ 97. Kh5 Kf5 98. Bd1 Kf4 99. Bb3 Nd7 100. Be6 Nc5 101. Bg4 Ne4 102. Bc8 Nf6+
103. Kg6 Nd5 104. Kh5 Ne3 105. Bd7 Nf5 106. Kg6 g4 107. hxg4 Ne7+ 108. Kf7 Nd5 109.
g5 Kxg5 110. Bc8 Nf6 111. Ke6 h3 112. Ke5 h2 113. Bb7 Ng4+ 114. Kd4 Kf4 115. Kd3
Nf2+ 116. Kd4 Nd1 117. Kd3 Nf2+ 118. Kd4 Nh3 119. Kd3 Ng1 120. Bh1 Kg3 121. Ke3 Nh3
122. Ke2 Nf2 123. Ba8 Ng4 124. Bb7 Nh6 125. Ba8 Nf5 126. Bh1 Nd4+ 127. Ke3 Ne6 128.
Ke2 Nf4+ 129. Ke3 Nh3 130. Ke2 Nf2 131. Ba8 h1=B 132. Bxh1 Nxh1  1/2-1/2

[Event "Summer Prague Open 2023 - A"]
[Site "Olympik hotel, Sokolovska 138, Praha"]
[Date "2023.08.06"]
[Round "4"]
[Board "6"]
[White "Krause, Benedict"]
[Black "Jordanov, Mihail"]
[Result "1/2-1/2"]
[WhiteElo "2409"]
[BlackElo "2152"]
[PlyCount "0"]
[EventDate "2023.08.04"]
[EventRounds "9"]
[EventCountry "CZE"]

1. e4 e5 2. Nf3 Nc6 3. Bc4 Nf6 4. d3 Be7 5. O-O O-O 6. Re1 d6 7. a4 Na5 8. Ba2 c5
9. c3 Nc6 10. Na3 h6 11. h3 a6 12. Bd2 Rb8 13. Nc2 Be6 14. Bxe6 fxe6 15. b4 cxb4
16. cxb4 b5 17. axb5 axb5 18. d4 Qd7 19. Bc3 Rbc8 20. dxe5 Nxe5 21. Bxe5 dxe5 22.
Qxd7 Nxd7 23. Re2 Rc7 24. Ra6 Rfc8 25. Ne3 Rc6 26. Rxc6 Rxc6 27. Rc2 Rxc2 28. Nxc2
Bd6 29. Kf1 Nb8 30. Nfe1 Nc6 31. Nd3 Kf7 32. Ke2 Ke7 33. Kf3 Kf6 34. g3 g6 35. Ke2
Ke7 36. Kf3  1/2-1/2

[Event "Summer Prague Open 2023 - A"]
[Site "Olympik hotel, Sokolovska 138, Praha"]
[Date "2023.08.06"]
[Round "4"]
[Board "7"]
[White "Neuman, Petr"]
[Black "Fiskaaen, Martin Holten"]
[Result "1-0"]
[WhiteElo "2370"]
[BlackElo "2125"]
[PlyCount "0"]
[EventDate "2023.08.04"]
[EventRounds "9"]
[EventCountry "CZE"]

1. e4 c5 2. Nf3 d6 3. d4 cxd4 4. Nxd4 Nf6 5. Nc3 Nc6 6. f3 e5 7. Nb3 Be6 8. Nd5 Be7
9. Be3 O-O 10. Qd2 a5 11. Bb6 Qb8 12. Nxa5 Bxd5 13. exd5 Nxa5 14. Bxa5 e4 15. Bb4
exf3 16. gxf3 Nd7 17. Bb5 Ne5 18. O-O Rc8 19. Kh1 Qc7 20. c3 Nd7 21. Rae1 Bf6 22.
b3 Nc5 23. c4 h6 24. Re2 Rd8 25. Rg1 Kh8 26. Bc3 Bxc3 27. Qxc3 f6 28. b4 Na4 29.
Qc2 Nb6 30. Qg6 Ra3 31. Rge1 Rg8 32. Re7  1-0

[Event "Summer Prague Open 2023 - A"]
[Site "Olympik hotel, Sokolovska 138, Praha"]
[Date "2023.08.06"]
[Round "4"]
[Board "8"]
[White "Beeck, Mats"]
[Black "Berin, Artem"]
[Result "1-0"]
[WhiteElo "2180"]
[BlackElo "2337"]
[PlyCount "0"]
[EventDate "2023.08.04"]
[EventRounds "9"]
[EventCountry "CZE"]

1. Nf3 d5 2. g3 Nf6 3. Bg2 e6 4. O-O Be7 5. c4 O-O 6. d4 Nbd7 7. Qc2 a5 8. b3 a4
9. Ba3 Bxa3 10. Nxa3 c6 11. b4 Qe7 12. Qb2 Re8 13. Ne5 Nxe5 14. dxe5 Nd7 15. e4 d4
16. c5 Nxe5 17. Qxd4 Qf6 18. Rad1 Nf3+ 19. Bxf3 Qxf3 20. Qd3 Qxd3 21. Rxd3 e5 22.
Nc4 Be6 23. Nd6 Red8 24. Rd2 a3 25. f4 exf4 26. gxf4 f5 27. exf5 Bxf5 28. Re1 Rd7
29. Rg2 Bg6 30. Rg3 Rf8 31. Rxa3 Rxf4 32. Ra8+ Rf8 33. Ra7 Rb8 34. Re3 Rbd8 35. Rxb7
Rxb7 36. Nxb7 Rd1+ 37. Kf2 Rd2+ 38. Re2 Rd4 39. Rb2 Kf7 40. a4  1-0

[Event "Summer Prague Open 2023 - A"]
[Site "Olympik hotel, Sokolovska 138, Praha"]
[Date "2023.08.06"]
[Round "4"]
[Board "9"]
[White "Kanakova, Natalie"]
[Black "Vedder, Henk"]
[Result "1/2-1/2"]
[WhiteElo "2146"]
[BlackElo "2326"]
[PlyCount "0"]
[EventDate "2023.08.04"]
[EventRounds "9"]
[EventCountry "CZE"]

1. Nf3 d5 2. c4 e6 3. e3 Nf6 4. Nc3 c5 5. cxd5 Nxd5 6. Be2 Nc6 7. O-O Be7 8. a3 O-O
9. Qc2 b6 10. d4 Nxc3 11. bxc3 Bb7 12. Rd1 Qc7 13. Bd3 g6 14. Bb2 Na5 15. e4 cxd4
16. cxd4 Qxc2 17. Bxc2 Rac8 18. Bd3 Nc4 19. Bc1 Rfd8 20. a4 Bf6 21. e5 Be7 22. Be2
Kg7 23. Be3 Rc7 24. Nd2 Na5 25. f3 Rc2 26. Kf1 Rdc8 27. Bd3 R2c3 28. Ke2 Nb3 29.
Nxb3 Rxb3 30. Rdb1 Rcc3 31. Rxb3 Rxb3 32. Rc1 Rb2+ 33. Rc2 Rxc2+ 34. Bxc2 Bc6 35.
Kd2 Kf8 36. Kc3 Ke8 37. Bd1 Kd7 38. g4 Kc7 39. f4 a5 40. f5 Bb4+ 41. Kc4 Bd5+ 42.
Kb5 gxf5 43. gxf5 exf5 44. Bc2 h5 45. Bxf5 Kb7 46. Bd7 Be1 47. Be8 h4 48. Bd7 Kc7
49. Be8 Kb7 50. Bd7 Kc7 51. Be8 Kb7  1/2-1/2

[Event "Summer Prague Open 2023 - A"]
[Site "Olympik hotel, Sokolovska 138, Praha"]
[Date "2023.08.06"]
[Round "4"]
[Board "10"]
[White "Ivekovic, Tihana"]
[Black "Shehzad, Shazil"]
[Result "1/2-1/2"]
[WhiteElo "2117"]
[BlackElo "2301"]
[PlyCount "0"]
[EventDate "2023.08.04"]
[EventRounds "9"]
[EventCountry "CZE"]

1. d4 Nf6 2. c4 e6 3. g3 d5 4. Bg2 Bb4+ 5. Nd2 O-O 6. Ngf3 dxc4 7. Qc2 a5 8. O-O
b5 9. b3 cxb3 10. Nxb3 Bb7 11. Nc5 Bd5 12. Bf4 Na6 13. e4 Bc4 14. Nd3 c5 15. a3 Bxd3
16. Qxd3 c4 17. Qc2 Be7 18. Rfb1 Qe8 19. Ne5 Rc8 20. Qd2 b4 21. axb4 Bxb4 22. Qe2
Qb5 23. Bf1 Nb8 24. Nxc4 Nc6 25. Be5 Rfd8 26. Bxf6 gxf6 27. d5 Ne5 28. Nxa5 Qxe2
29. Bxe2 Bc3 30. Ra3 exd5 31. exd5 Bd4 32. Nc6 Nxc6 33. dxc6 Rxc6 34. Rd3 Rcd6 35.
Rbd1 Kg7 36. Kg2 Be5 37. Rxd6 Rxd6  1/2-1/2

[Event "Summer Prague Open 2023 - A"]
[Site "Olympik hotel, Sokolovska 138, Praha"]
[Date "2023.08.06"]
[Round "4"]
[Board "11"]
[White "Pyrig, Roman"]
[Black "Serrano Salvador, Eduardo"]
[Result "1/2-1/2"]
[WhiteElo "2134"]
[BlackElo "2260"]
[PlyCount "0"]
[EventDate "2023.08.04"]
[EventRounds "9"]
[EventCountry "CZE"]

1. e4 c5 2. Nf3 Nf6 3. d3 Nc6 4. g3 d5 5. Nbd2 Bg4 6. Bg2 e6 7. O-O Be7 8. h3 Bh5
9. g4 Bg6 10. Nh4 Qc7 11. Nxg6 hxg6 12. c3 O-O-O 13. Qe2 dxe4 14. dxe4 Ne5 15. f4
Nd3 16. e5 Nxc1 17. Raxc1 Nd5 18. Nc4 Kb8 19. Rcd1 Rd7 20. Ne3 Nxe3 21. Qxe3 Rhd8
 1/2-1/2

[Event "Summer Prague Open 2023 - A"]
[Site "Olympik hotel, Sokolovska 138, Praha"]
[Date "2023.08.06"]
[Round "4"]
[Board "12"]
[White "Ahn, Hongjin"]
[Black "Kovalskyi, Roman"]
[Result "1-0"]
[WhiteElo "2240"]
[BlackElo "2064"]
[PlyCount "0"]
[EventDate "2023.08.04"]
[EventRounds "9"]
[EventCountry "CZE"]

1. e4 c5 2. Nf3 g6 3. d4 cxd4 4. Nxd4 Nc6 5. c4 Nf6 6. Nc3 d6 7. Be2 Nxd4 8. Qxd4
Bg7 9. O-O O-O 10. Qd3 a5 11. Be3 a4 12. Bd4 Qa5 13. f4 Bd7 14. e5 Bf5 15. exf6 Bxd3
16. fxg7 Rfd8 17. Bxd3 e5 18. Bf2 Kxg7 19. Nd5 Re8 20. Rad1 Ra6 21. f5 Rc6 22. Be3
Rc5 23. Rd2 b5 24. Rdf2 g5 25. f6+ Kh8 26. Ne7 bxc4 27. Bf5 Rc7 28. Rf3 Rcxe7 29.
fxe7 f6 30. Be6 Rxe7 31. Rxf6 e4 32. Rf8+ Kg7 33. Rg8+ Kh6 34. Rf6+ Kh5 35. g4+ Kh4
36. Rh6#  1-0